| 000 | 004590000a22001810004500 | ||
|---|---|---|---|
| 003 | MACL | ||
| 005 | 20160102174546.0 | ||
| 008 | 160102b xxu||||| |||| 00| 0 eng d | ||
| 040 |
_aMACL _cMACL |
||
| 041 | _aEnglish | ||
| 082 | _a680/WHE | ||
| 100 |
_aWhetton, Harry _927489 |
||
| 245 | _aPractical Printing and Binding | ||
| 260 |
_bOdhams press Ltd _aLondon |
||
| 350 | _a14 | ||
| 650 |
_aManufacture for Specific use _921550 |
||
| 942 |
_cBK _k680/WHE _2ddc |
||
| 999 |
_c35258 _d35258 |
||